000 00790nam a2200241Ia 4500
003 GCL
008 140319s9999 xx 000 0 ara d
020 _a1645823977
040 _aGCL /
_cGCL
082 0 4 _a364.15
_bص ش
100 1 _aصبحى سليمان
245 1 0 _aالشباب والخطر - الرؤية والعلاج /
_cصبحى سليمان
260 _aالقاهرة :
_bدار الامل للنشر والتوزيع ،
_c2000
300 _a127 ص ؛
_c24 سم
650 0 4 _aالمخدرات والشباب
650 0 4 _aالارهاب
650 0 4 _aالعنف
650 0 4 _aالتخريب والتدمير
650 0 4 _aجرائم ضد الانسانية
650 0 4 _aالشباب - رعاية
650 0 4 _aالتمرد و العصيان
942 _2ddc
_cBK
999 _c58100
_d58100